000 00301nam a22001217a 4500
008 180515b xxu||||| |||| 00| 0 eng d
041 _aeng
080 _a043.3
100 _a0
101 _aMBE-BA
245 _aNdikimi i Inovacioneve ne Produktivitetin e Ndermarrjeve
_cGosalci, Sh
942 _2udc
_cBK
999 _c45811
_d45811